đŸŽ¶ Paroles "N'insiste pas" Camille Lellouche - Statistiques

Statistiques générales
  • Ce quiz a Ă©tĂ© pris 232 fois
  • Le rĂ©sultat moyen est 361 sur 414
Statistiques - réponses
Mots % Correct
Hein hein
100%
N'
100%
n'
100%
pas
100%
pas,
100%
Putain,
100%
Ă 
99%
a
99%
insiste
99%
d'
97%
hey
97%
j'
97%
J'
97%
je
97%
Je
97%
ouais
97%
Qu'
97%
qu'
97%
s'
97%
t'
97%
T'
97%
te
96%
c'
95%
C'
95%
la
95%
m'
95%
tu
95%
Tu
95%
dis
94%
et
94%
Et
94%
ma
94%
me
94%
que
94%
Que
94%
tes
94%
le
93%
Quand
93%
quand
93%
ai
91%
de
91%
non
91%
les
90%
arrĂȘte
89%
jour
89%
tout
89%
Tout
89%
un
89%
par
88%
Qui
88%
en
86%
es
86%
as
85%
est
84%
dans
83%
laisse
83%
plus
83%
Fini
82%
fini
82%
ont
82%
promesses
82%
Sans
82%
tĂȘte
82%
tĂȘte,
82%
tournent
82%
Tournent
82%
ce
81%
laisses
80%
laisses,
80%
pense
80%
cassé
79%
ne
79%
Ton
79%
ton
79%
des
78%
gueule
78%
aimais,
77%
cassé
77%
gestes
77%
mais
77%
moi
77%
mots
77%
Sur
77%
sur
77%
toi
77%
tous
77%
ta
76%
parlé
75%
peux
75%
amour
74%
condition
74%
Faut
74%
était
73%
jours
73%
suis
73%
terminé
73%
veux
73%
trop
72%
arrĂȘter
70%
choix
70%
disais
70%
mains
70%
sales
70%
vais,
70%
voulais
70%
doux
69%
lance
68%
bien
67%
foutue
67%
poser
66%
avance
65%
balance
65%
penses
65%
confiance
64%
jeu
64%
violence
64%
arrive
63%
Aujourd'hui
63%
briser
63%
cachais
63%
dangereux,
63%
souffert
63%
empĂȘche
62%
Il
62%
pardonner
62%
juré,
60%
enterrer
56%
regrets
56%
avais
55%
temps
55%
Jamais
53%
passé
52%
promis,
52%
Stop !
49%
oublier
47%
Aucun quiz correspondant
Distribution des résultats
% des personnes avec chaque résultat
Percentile par nombre de réponses
Votre historique - résultats
Vous n’avez pas pris ce quiz